| 000 | 00810nam a2200253Ia 4500 | ||
|---|---|---|---|
| 003 | OSt | ||
| 005 | 20220918230907.0 | ||
| 006 | a|||||r|||| 00| 0 | ||
| 007 | ta | ||
| 008 | 220917b |||||||| |||| 00| 0 eng d | ||
| 020 | _c90 | ||
| 024 | _a261,459 | ||
| 037 |
_b2/6/91/WFI, 02/03/2012, Writiers' Forum,Imphal _cTextual |
||
| 040 |
_aARTS _cARTS _beng |
||
| 041 |
_2eng _aeng |
||
| 082 | _aO446114,6:gx, P6 | ||
| 100 |
_aKoijam Shantibala _9153466 |
||
| 245 | 0 | _aTheatre amadi sahityagee wareng khara | |
| 260 |
_aImphal _bIchha Computer Centre India _c2006 |
||
| 300 |
_a127p. _ccm. |
||
| 650 |
_aMANIPURI LITERATURE; ENGLISH ESSAYS _9153467 |
||
| 942 |
_hO446114,6:gx, P6 _cTEXL _2CC |
||
| 999 |
_c289242 _d289242 |
||